000 005670000a22001690004500
003 MACL
005 20160217160313.0
008 160217b xxu||||| |||| 00| 0 eng d
040 _aMACL
_cMACL
041 _aHindi
082 _a370
100 _aकविराज श्री पं. गोपीनाथ
_938725
245 _aसाधुदर्शन एवम़ सत्‍प्रसंग
260 _bविश्‍वविधालय प्रकाशन
_c1984
_aवाराणसी
650 _aEducation
_938726
942 _cHIN
_k370
_2ddc
999 _c28849
_d28849